000 00336nam a22001457a 4500
020 _a0333-93740-6
082 _a158
_bKHE/Y
100 _aKHERA, SHIV
245 _aYOU CAN WIN
260 _aDELHI
_bMACMILLAN
_c2002
300 _a290
520 _aA CONSTRUCTION MANUAL TO ACHIEVE SUCCESS
650 _aMOTIVATIONAL
_zINDIA
942 _cBK
999 _c6272
_d6272